000 00540nam a2200217Ia 4500
005 20250505124856.0
008 008 250505s9999 xx 000 0 eng d
037 _aReference
040 _aLCO
_beng
_cLCO
041 _aeng
_2eng
084 _aL:(Z,91) R2
_qLCO
100 _aModi
245 0 _aMedical Jurisprudence
_cModi
250 _a27th
260 _aHaryana, India
_bLexisNexis
_c2022
300 _a518
365 _aINR
_b2695
650 _aLaw
942 _cREF
_hL:(Z,91) R2
999 _c1310468
_d1310468